000
00275nam a22000977a 4500
005
20250901165542.0
008
210708b |||||||| |||| 00| 0 eng d
050
_a
K 9 .N8531990
245
_a
The International lawyer
_b
Joseph Norton J.
942
_2
lcc
_h
K 9 .N8531990
999
_c
5732
_d
5732